| 000 | 01271nam a2200229Ia 4500 | ||
|---|---|---|---|
| 001 | 207 | ||
| 005 | 20251210103832.0 | ||
| 008 | 251203t2006||||xx |||||||||||||| ||spa|| | ||
| 020 | _a9568402799 | ||
| 041 | _aESP | ||
| 082 |
_aRE 036 _bB83 |
||
| 110 | _aEncyclopedia Británica | ||
| 245 | 0 |
_aBritannica : enciclopedia universal ilustrada _bTomos 1-20 |
|
| 246 | _aBritannica Concise Encyclopedia5 | ||
| 260 |
_aSantiago de Chile _bEncyclopedia Britanica _c2006 |
||
| 300 |
_a137 páginas : _b ilustraciones, retratos ; _c 28 cm. |
||
| 505 | _aContenido: Tomo 1: A priori. Antiguo testamento. Tomo 2: Antihistamínico. Barrault. Tomo 3: Barreminas. Brunel. Tomo 4: Brunelleschi. Chamberlain Men. Tomo 5: Chamberlen coro. Tomo 6: corona. Drummond. Tomo 7: Drupa. Fall. Tomo 8: Falla. Gigantismo. Tomo 9: Gijón. Hidrostática. Tomo 10: Hidroterapia. Jesuita. Tomo 11: Jesús. Lexington y Concord. Tomo 12: Ley. Mato Grosso. Tomo 13: Matriarcado. Músculo. Tomo 14: Museo. Óxido. Tomo 15: Oxígeno. Port Said. Tomo 16: Portaaviones. Rocío. Tomo 17: Rock. Siberia. Tomo 18: Siberiano. Templario. Tomo 19: Temple. Vasari. Tomo 20 Vasco. Zydeco | ||
| 650 | _aGEN | ||
| 653 | _aEnciclopedias; Obras enciclopédicas generales | ||
| 654 | _aCTP | ||
| 942 |
_cENC _dJUS _fMIP _2ddc |
||
| 999 |
_c207 _d207 |
||